Tự học lập trình Visual Basic .NET một cách nhanh chóng và có hiệu quả nhất qua các chương trình mẫu : Dùng cho kỹ thuật viên và sinh viên ngành Tin học

সংরক্ষণ করুন:
গ্রন্থ-পঞ্জীর বিবরন
প্রধান লেখক: Đậu, Quang Tuấn
বিন্যাস: গ্রন্থ
ভাষা:Undetermined
প্রকাশিত: Hà Nội Giao thông vận tải 2005
বিষয়গুলি:
ট্যাগগুলো: ট্যাগ যুক্ত করুন
কোনো ট্যাগ নেই, প্রথমজন হিসাবে ট্যাগ করুন!
Thư viện lưu trữ: Trung tâm Học liệu Trường Đại học Cần Thơ
LEADER 00787nam a2200205Ia 4500
001 CTU_112294
008 210402s9999 xx 000 0 und d
020 |c 45000 
082 |a 005.2768 
082 |b T502 
100 |a Đậu, Quang Tuấn 
245 0 |a Tự học lập trình Visual Basic .NET một cách nhanh chóng và có hiệu quả nhất qua các chương trình mẫu : 
245 0 |b Dùng cho kỹ thuật viên và sinh viên ngành Tin học 
245 0 |c Đậu Quang Tuấn 
260 |a Hà Nội 
260 |b Giao thông vận tải 
260 |c 2005 
650 |a Microsoft visual basic,Basic ( computer program language ),Microsoft .net 
904 |i Minh 
980 |a Trung tâm Học liệu Trường Đại học Cần Thơ